Latin pronouns - Statistics

General Stats
  • This quiz has been taken 23 times
  • The average score is 34 of 40
Answer Stats
Answer % Correct
Nom ev Ea
100%
Acc ev Eam
100%
Nom ev Ego
100%
Nom ev Is
100%
Nom mv Nos
100%
Acc mv Nos
100%
Nom ev Tu
100%
Gen ev -
88%
Gen ev -
88%
Dat ev Ei
88%
Dat ev Ei
88%
Gen ev Eius
88%
Gen ev Eius
88%
Acc ev Eum
88%
Acc ev Me
88%
Abl ev Me
88%
Dat ev Mihi
88%
Gen mv Nostrum
88%
Acc ev Te
88%
Abl ev Te
88%
Dat ev Tibi
88%
Nom mv Vos
88%
Acc mv Vos
88%
Abl ev Ea
75%
Nom mv Eae
75%
Gen mv Earum
75%
Acc mv Eas
75%
Nom mv Ei
75%
Dat mv Eis
75%
Abl mv Eis
75%
Dat mv Eis
75%
Abl mv Eis
75%
Abl ev Eo
75%
Gen mv Eorum
75%
Acc mv Eos
75%
Dat mv Nobis
75%
Abl mv Nobis
75%
Dat mv Vobis
75%
Abl mv Vobis
75%
Gen mv Vestrum
63%
No matching quizzes found
Score Distribution
Percent of People with Each Score
Percentile by Number Answered
Your Score History
You have not taken this quiz